[Event "42nd Olympiad"]
[Site "Baku"]
[Date "2016.09.04"]
[Round "3.1"]
[White "Adams, Michael"]
[Black "Bareev, Evgeny"]
[Result "1-0"]
[WhiteElo "2738"]
[BlackElo "2675"]
[Annotator "John Upper"]
[PlyCount "63"]
[EventDate "2016.09.02"]
[EventType "team-swiss"]
[EventRounds "11"]
[EventCountry "AZE"]
[SourceTitle "Chess Canada 2016Olympia"]
[Source "CFC"]
[SourceDate "2016.12.01"]
[WhiteTeam "England"]
[BlackTeam "Canada"]
[WhiteTeamCountry "ENG"]
[BlackTeamCountry "CAN"]
[WhiteClock "0:05:21"]
[BlackClock "0:00:40"]

1. e4 e6 {A strange game. White offers to play a gambit, Black declines with a
dubious side-line, and White (should) have a winning position by move 15.
Adams plays less incisively, missing several opportunities for a winning
attack, but he is always clearly better and wins by dominating the light
squares.} 2. d4 d5 3. Nd2 c5 4. Ngf3 Nf6 5. e5 Nfd7 6. c3 Nc6 7. Bd3 {Diagram 
[#] The game has transposed to the Universal System of the French Tarrasch.
The critical test used to be ...Qb6, when White is prepared to give up the
d4-pawn for rapid development. However, White clearly has enough comp for the
pawn, so Black has looked for ways to avoid it:} f6 (7... h6 $5 {transposes to
positions more often arising from 3...h6.}) (7... g5 $5 8. h3 h5 {when Black's
results have been OK.}) (7... g6 8. h4 h6 {is recommended by Berg in his "GM
Repertoire: The French Vol.3" (Quality, 2015).}) (7... Qb6 8. O-O cxd4 9. cxd4
Nxd4 10. Nxd4 Qxd4 11. Nf3 {[#] Analysis Diagram This is the main line of the
Korchnoi gambit, with a position which is very similar to the Milner-Barry
gambit against the Advance French, but here Black's N is on d7 rather than his
B; that difference is bad for Black, who cannot comfortably complete
development with ...Ng8-e7-c6 as in the MBG. The following game shows just how
unpleasant Black's position can become:} Qb6 12. Qa4 Qb4 13. Qc2 h6 (13... Nc5
{is the modern try,} 14. Bd2 Qa4 {and White scores well after either b3 or
Bxh7.}) 14. Bd2 Qb6 15. Rac1 Be7 16. Qa4 Qd8 17. Rc2 Kf8 (17... O-O 18. Qg4 {
with a huge initiative.}) 18. Rfc1 Nb6 19. Qg4 Bd7 20. Ba5 Rc8 21. Rxc8 Bxc8
22. Bb4 g6 23. Qh4 g5 24. Nxg5 Ke8 25. Bb5+ (25. Bxe7 $1 Qxe7 26. f4 $1 $18)
25... Bd7 26. Nxe6 $1 fxe6 (26... Bxh4 27. Ng7#) 27. Qh5+ Kf8 28. Rc3 Rh7 29.
Qg6 Rg7 30. Qxh6 $1 Bxb4 31. Rg3 {1-0 Kortschnoi,V-Udovcic,M Leningrad, 1967.})
8. exf6 (8. Ng5 {was tried by Tal, who bluffed Bronstein into avoiding the
critical (and hugely advantageous for Black) ...fxg5.} fxg5 $1 (8... Ndxe5 $6
9. dxe5 fxg5 10. Qh5+ Kd7 11. Nf3 g6 12. Bxg6 g4 13. Ng5 Nxe5 14. Nxh7 Nxg6 15.
Qxg6 Be7 $14 {(½-½, 34) Tal,M-Bronstein,D Moscow, 1966.}) 9. Qh5+ g6 {
[#]Analysis Diagram} 10. Bxg6+ hxg6 11. Qxg6+ (11. Qxh8 cxd4 $19) 11... Ke7 $19
{with the critical line going:} 12. Ne4 Ndxe5 $8 13. Bxg5+ Kd7 14. Nf6+ Kc7 15.
Ne8+ Qxe8 (15... Kb8 $4 16. Bxd8 Nxg6 17. Bc7#) 16. Qxe8 Bg7 {trapping the Q!}
17. Bd8+ Kb8 $19 {(0-1, 34) Rjabzev,K (2406)-Kosyrev,V (2537) St Petersburg,
2006.}) 8... Nxf6 9. O-O Bd6 $6 (9... cxd4 $142 {avoids the space gaining pawn
pushes and breaks which tear apart Black's center in this game.} 10. cxd4 Bd6
11. Re1 $14 (11. b3 $14)) 10. dxc5 $1 Bxc5 11. b4 $1 Bd6 12. b5 $1 Ne7 13. c4
$1 {Diagram [#] Black's position is already difficult.} e5 $2 (13... O-O $142)
14. cxd5 $1 Nexd5 $6 15. Ne4 $16 {Good enough for a clear advantage, but White
is winning if he switches to an attack on the a2-g8 diagonal:} (15. Bc4 $142 $1
{looks like a nearly forced win; e.g.} Be6 16. Ng5 (16. Qb3 $18 {is also very
strong.}) 16... Bg8 17. Bb2 $18 {I don't think Black can survive long enough
to get his K out of the firing lines.}) 15... Nxe4 16. Bxe4 Nf6 (16... Nc3 17.
Qd3 Nxe4 18. Qxe4 Qf6 (18... O-O $2 19. Ng5 g6 20. Qd5+ Kg7 21. Bb2 $18) 19.
Bb2 $16) 17. Bg5 O-O 18. Rc1 Qe7 {[#]} 19. Bxf6 (19. Qc2 Kh8 (19... h6 $2 20.
Bh7+ Kh8 21. Nh4 $18) 20. Bxh7 e4 $1 21. Bxf6 Qxf6 22. Bxe4 Bg4 {looks like
Black might get some counterplay, though computers rate White as nearly
winning with accurate defence; e.g.} 23. Qb3 Qf4 24. Rc4 $8 Bxf3 (24... Be6
$142 $1 25. Bd5 Bxd5 26. Rxf4 Bxb3 27. Rh4+ $16) 25. g3 $8 $18 {White gets the
piece back because of the mate threat:} Qf7 26. Bxf3 Qxf3 27. Rh4+ {mates})
19... gxf6 20. Nh4 Bb4 {[#]} 21. Rc4 (21. Rxc8 $1 {is more brutal, and a
surprising move for a player of Adams' class to miss:} Rfxc8 22. Nf5 $18 {
and the Q is overloaded, so Black has to give up the B to Qb3+ or an exchange
and a pawn to Bxb7.}) 21... Ba5 22. Nf5 Bxf5 23. Bxf5 Rad8 24. Qh5 $16 Kh8 25.
Qh3 Rd4 26. Rfc1 Rfd8 27. g3 Qf7 28. Rxd4 exd4 29. Rd1 {[#]Material is equal,
and Black has a passed pawn, but White is clearly better because Black's pawn
can't advance and Black is very weak on the light squares. Adams activates his
R and the game is over.} b6 $6 (29... Bc3 30. Rd3 {is similar to the game.})
30. Rd3 (30. Qh4 $1 Bc3 31. Bxh7 $18) 30... Bb4 31. Rf3 Rf8 32. Rf4 {There's
no defence to Rh4 or Rxd4.} 1-0

[Event "42nd Olympiad"]
[Site "Baku"]
[Date "2016.09.04"]
[Round "3.2"]
[White "Kovalyov, Anton"]
[Black "Howell, David W L"]
[Result "1-0"]
[WhiteElo "2617"]
[BlackElo "2665"]
[Annotator "John Upper"]
[PlyCount "107"]
[EventDate "2016.09.02"]
[EventType "team-swiss"]
[EventRounds "11"]
[EventCountry "AZE"]
[SourceTitle "Chess Canada 2016Olympia"]
[Source "CFC"]
[SourceDate "2016.12.01"]
[WhiteTeam "Canada"]
[BlackTeam "England"]
[WhiteTeamCountry "CAN"]
[BlackTeamCountry "ENG"]
[WhiteClock "0:13:10"]
[BlackClock "0:00:40"]

1. c4 Nf6 {A very lucky escape: White mishandles the early middlegame in an
anti-Grunfeld and is clearly worse. Black trades down to a winning Rook ending,
but Howell grossly misplays it (in his habitual time trouble) and White scores
the win.} 2. Nf3 g6 3. Nc3 {a popular anti-Grunfeld line,} d5 {but Black
insists on playing Gruenfeld-style.} 4. cxd5 Nxd5 {[#]} 5. Qb3 {White has more
savage options:} (5. Qa4+ Bd7 6. Qh4 Nxc3 7. bxc3 Nc6 {1/2-1/2 (38) Vitiugov,N
(2709)-Svidler,P (2722) Moscow 2010}) (5. h4 Bg7 6. h5 Nc6 7. g3 Bg4 $13 {
1-0 (39) Ding,L (2782)-Wei,Y (2734) Baku 2015}) 5... Nb6 6. d4 Bg7 7. Bf4 Be6
8. Qa3 c5 $5 {A good pawn sac for piece activity. ...Nc6 is also played, but
it doesn't pose the same challenge for White.} (8... Nc6 9. e3 $14) 9. Qxc5 (9.
dxc5 Nc4 10. Qa4+ Nd7 {and Black has too much activity while White is too far
behind in development.}) 9... Nc6 10. e4 {[#]} Rc8 (10... Nd7 11. Qa3 Nxd4 12.
Nxd4 Bxd4 13. Bb5 $14 {1-0 (31) Xiong,J (2641)-Troff,K (2543) Saint Louis US
U20, 2016}) (10... Nxd4 11. Nxd4 Bxd4 12. Bb5+ Kf8 13. Qa3 a6 14. Be2 Qc8 15.
O-O Qc5 16. Bh6+ Ke8 17. Qxc5 Bxc5 18. Rac1 $14 {½-½ (67) Radjabov,T (2738)
-Sevian,S (2556) Baku, 2015.}) 11. Bb5 (11. Qa3 {as in the Xiong game above
and Radjabov game below.}) 11... O-O 12. Bxc6 Rxc6 13. Qb4 {[#]} f5 $146 (13...
Rc4 14. Qa3 Bxd4 15. Nxd4 Rxd4 16. O-O a6 17. b3 Re8 18. Rfd1 Rxd1+ 19. Rxd1
$14 {½-½ (78) Radjabov,T (2738)-Vachier Lagrave,M (2758) Berlin (blitz),
2015.}) 14. Be5 $6 (14. Ne5 $13) (14. d5 $2 Rc4 $19 {followed by ...Bxc3+ and .
..Rxe4.}) 14... fxe4 15. Ng5 $6 (15. Nxe4) 15... Bc4 16. Bxg7 Kxg7 {Diagram [#]
White can't hold the pawn and get his King to safety, so he returns it to try
to uncoordinate Black a little.} 17. d5 (17. O-O-O $4 Bd3 $1 (17... Rxf2 $1)) (
17. Rd1 e3 $1 18. fxe3 e6 19. h4 Qc7 $19) 17... Nxd5 18. Nxd5 (18. Qxc4 Rxc4
19. Ne6+ Kf6 20. Nxd8 Rxd8 $17) 18... Bxd5 19. Rd1 Kg8 (19... Rf5 $1 20. Nxe4
Qc7 $17 {threatening ...Rc4, Black has a huge lead in development and that
ought to turn into a few extra pawns.} (20... Re5 $2 21. Qd4 $14)) 20. O-O e6
21. Nxe4 Qb6 22. Rd4 Qxb4 23. Rxb4 a5 24. Rd4 Rc2 25. Nc3 Rxb2 26. Nxd5 exd5 {
Diagram [#]} 27. a4 (27. Rxd5 Rxa2 28. Rb5 Rf7 $19 {pressure on f2 (and along
the 2nd rank after ...Rc7) prevents White from going after the b-pawn.}) 27...
Rd8 28. Re1 Rd7 29. h3 Kf7 30. Re5 b6 31. Rexd5 Rxd5 32. Rxd5 {[#]} Ke6 (32...
Rb4 {also looks good enough to win, but it can result in some tempi-sensitive
races which it's prudent for a player in time trouble to avoid.} 33. Rd7+ (33.
Rb5 $2 Rxb5 34. axb5 a4 $19) 33... Ke6 34. Rb7 (34. Rxh7 Rxa4 {looks winning.})
34... Kd5 35. g4 Kc5 (35... b5 $2 36. axb5 Kc5 37. Rxh7 Rxb5 38. Ra7 Kb6 39.
Ra8 Kb7 40. Rd8 a4 {White has enough play for a draw.}) 36. Rc7+ Kd4 37. Rb7
Kc3 $19) 33. Rd3 Rb4 34. Ra3 Kd5 35. g4 g5 36. Kg2 {[#]} Kc4 (36... b5 $5 37.
axb5 a4 $1 $17 (37... Rxb5 $2 38. h4 $1 $11)) 37. h4 $1 h6 38. h5 $2 (38. hxg5
$1 hxg5 39. f4 $11) 38... Kc5 39. Kg3 Rc4 $2 (39... b5 $1 40. axb5 a4 $19) 40.
Rf3 $1 Rxa4 41. Rf5+ $1 Kd4 42. Rf6 b5 43. Rxh6 Ra1 44. Rd6+ Kc3 45. Rc6+ Kd4
46. Kg2 {[#] Preventing ...Rh1. Computers rate this as equal, but Black may
already be lost.} Re1 47. h6 Re8 (47... Re4 48. f3 Re2+ 49. Kg3 Re7 (49... b4
50. Rd6+ Kc4 51. Rd8 Re7 52. f4 $18) 50. Rd6+ $1 Kc3 (50... Ke5 51. Rg6 $1 $18)
(50... Kc5 51. Rg6 $18) 51. f4 Re3+ 52. Kf2 gxf4 53. g5 Rh3 54. Rd7 a4 55. h7
a3 56. g6 a2 57. Ra7 $18) 48. f4 $1 $18 gxf4 49. g5 Ke3 50. g6 f3+ 51. Kf1 Rd8
52. Re6+ Kf4 53. g7 Rd1+ 54. Re1 1-0

[Event "42nd Olympiad"]
[Site "Baku"]
[Date "2016.09.04"]
[Round "3.3"]
[White "Jones, Gawain C B"]
[Black "Lesiege, Alexandre"]
[Result "1-0"]
[WhiteElo "2635"]
[BlackElo "2497"]
[Annotator "John Upper"]
[PlyCount "57"]
[EventDate "2016.09.02"]
[EventType "team-swiss"]
[EventRounds "11"]
[EventCountry "AZE"]
[SourceTitle "Chess Canada 2016Olympia"]
[Source "CFC"]
[SourceDate "2016.12.01"]
[WhiteTeam "England"]
[BlackTeam "Canada"]
[WhiteTeamCountry "ENG"]
[BlackTeamCountry "CAN"]
[WhiteClock "0:24:36"]
[BlackClock "0:02:23"]

1. c4 c5 {This is Alex's one bad game of the Olympiad... and it's due pretty
much to one bad move.} 2. Nf3 Nc6 3. Nc3 g6 4. e3 Nf6 5. d4 cxd4 6. exd4 d5 7.
Bg5 Be6 8. Bxf6 exf6 9. c5 Bg7 10. Bb5 O-O 11. h3 {Diagram [#]} g5 $5 {Not as
crazy as it looks. Black has a choice of which of his Bs he will bury behind
his pawns. Le Siege burries the Bg7 and (maybe?) hopes for activity with ...g4
or (long term) ...Bf8 over to c7. In the game below, Bolgan played ...f5 and
turned the Be6 into a big pawn and had no play.} (11... Bf5 12. O-O Be4 13. Nh2
a6 14. Bxc6 bxc6 15. Qa4 Qc7 {(1-0, 45) Jones,G (2642)-Idani,P (2496)
Reykjavik, 2015.}) (11... Ne7 12. O-O f5 13. Re1 h6 14. Qd2 a6 15. Ba4 b5 16.
cxb6 Qxb6 17. Bb3 Qb4 18. Rad1 a5 19. Na4 Rfb8 20. Qe3 Qd6 21. Nc5 f4 $1 {
and although White kept pressure he wasn't able to turn it into anything.} 22.
Qe2 {Vachier Lagrave,M (2710)-Bologan,V (2665) Melilla, 2011.}) 12. O-O Ne7 13.
Bd3 Qd7 14. Re1 h5 $4 {[#]} (14... Ng6 {or}) (14... Nc6) 15. Nh2 $1 {Black
must have overlooked this not-too-uncommon defence against ...g4, because he's
already almost lost: Black's kingside is all targets and White has an attack
for free.} h4 (15... g4 {bad, but maybe best;} 16. hxg4 hxg4 17. Nxg4 Bxg4 18.
Rxe7 Qxe7 19. Qxg4 $16 {White will win another pawn and have excellent light
square play.}) 16. Qh5 $1 Rfe8 17. Nb5 $1 Bf5 (17... Nc8 {defending d6 and f7}
18. f4 gxf4 19. Nf3 $18) 18. Nd6 $1 Bxd3 (18... Rf8 19. Rxe7 $18) 19. Qxf7+ Kh8
20. Nxe8 Rxe8 21. Ng4 {[#] Material is almost equal (Rp vs BB) but Black can
hardly move while White starts chopping.} Qd8 (21... Bg6 22. Rxe7 $8 Qxe7 23.
Qxg6 {is a slower way to lose:} Qe4 24. Qh5+ Kg8 25. Ne3 Re7 26. Rd1 $18 {
White's up a pawn with a safer K and better minor piece.}) (21... f5 22. Ne5
Bxe5 23. Rxe5 $18 {with threat of Re6-h6 or doubling on the e-file.}) 22. Nxf6
$8 $18 Bxf6 23. Qxf6+ Kg8 24. Qxg5+ Ng6 25. Rxe8+ Qxe8 26. Qxd5+ Kh8 27. Qxb7
Bb5 28. Qf3 Qe7 29. a4 1-0

[Event "42nd Olympiad"]
[Site "Baku"]
[Date "2016.09.04"]
[Round "3.4"]
[White "Hansen, Eric"]
[Black "Short, Nigel D"]
[Result "1/2-1/2"]
[WhiteElo "2582"]
[BlackElo "2666"]
[Annotator "John Upper"]
[PlyCount "129"]
[EventDate "2016.09.02"]
[EventType "team-swiss"]
[EventRounds "11"]
[EventCountry "AZE"]
[SourceTitle "Chess Canada 2016Olympia"]
[Source "CFC"]
[SourceDate "2016.12.01"]
[WhiteTeam "Canada"]
[BlackTeam "England"]
[WhiteTeamCountry "CAN"]
[BlackTeamCountry "ENG"]
[WhiteClock "0:00:41"]
[BlackClock "0:05:47"]

1. e4 e5 {English veteran Nigel Short -- about whom it seems obligatory to
note that he is the oldest player in the FIDE top 100 -- had a good Olympiad:
he scored 6.5/9 including wins as Black against opponents from China and
Azerbaijan, losing only one game, to Indian GM Sethuraman.  A tough game.
Short plays a 4...d6 Lopez, White gets pressure but Short's Nf7 holds him
together in the center and kingside. Eric has chances to convert in a Q and R
position, but can't find it in time pressure and the game ends in a draw.} 2.
Nf3 Nc6 3. Bb5 a6 4. Ba4 d6 5. Bxc6+ bxc6 6. d4 {[#]} f6 (6... exd4 7. Qxd4 Nf6
8. O-O Be7 9. e5 c5 $1 10. Qd3 dxe5 $1 $11 {½-½ (26) Kasparov,G (2805)-Short,
N (2655) WCh (g19) London, 1993.}) 7. c4 g6 (7... Ne7 8. Nc3 c5 9. dxc5 dxc5
10. Qxd8+ Kxd8 11. b3 Nc6 12. O-O Nd4 13. Ne1 Bd6 14. Nd3 Bd7 15. Rb1 a5 16.
Ba3 Ne6 17. Rfd1 Ke7 $11 {0-1 (59) Trott,A-Euwe,M Beverwijk, 1953.}) 8. Nc3 Bg7
(8... Nh6 9. Qa4 Bd7 10. c5 $1 Nf7 11. O-O dxc5 12. dxe5 fxe5 13. Be3 $16 Bd6
14. Qc4 Qe7 15. Na4 Be6 16. Qc2 c4 17. Nd2 O-O 18. Nxc4 {led to an win at the
Olympiad for Canadian champion Frank Anderson: 1-0 (43) Anderson,F-De Greif,B 
(2370) Amsterdam Ol, 1954.}) 9. h3 Nh6 10. Be3 O-O 11. Qd2 Nf7 12. O-O Qe7 13.
dxe5 fxe5 14. c5 h6 {[#] Unlike the Anderson game above, Short is unwilling to
be saddled with three weak pawns on the c-file.} (14... a5) 15. Rfd1 Be6 16.
Qc2 Kh7 17. Rd2 Rfb8 18. Rad1 a5 19. b3 Bf8 20. cxd6 cxd6 21. Na4 Qe8 22. Ne1
g5 23. Nd3 Be7 24. Ndb2 Kg7 25. Nc4 Bxc4 26. Qxc4 Rb4 27. Qc2 Ra6 28. f3 $16 {
Diagram [#]A strange position: White looks better (and computers rate this as
around +1.3) but Black seems to have some kind of hanging pawns fortress. Even
if White transfers his B to a3, capturing the d6 pawn would still cost an
exchange. Bringing the N to c4 would allow counterplay with ...a4. White could
pile up on c6, but ...Nd8 holds there. White has as much d-file pressure as he
can get, but doesn't see a way to make progress... so he starts shuffling.} Qc8
29. Nc3 Qe6 30. Rd3 Kg8 31. Na4 Rb5 32. Nc3 Rb4 33. Qe2 Ra8 34. Rc1 Bf8 35. Qc2
Ra6 36. Rcd1 Rb8 37. Bc1 Rc8 38. Qe2 Raa8 39. Na4 $6 {[#]} (39. Be3 $142) 39...
d5 $1 {Breaks the bind.} 40. Qc2 (40. Nb6 $2 Bc5+ 41. Be3 Bxb6 42. Bxb6 c5 $1 {
traps the Bb6.}) (40. exd5 $5 cxd5 41. Bb2 Rd8 $14) 40... Rab8 41. Bd2 Rb5 42.
exd5 cxd5 43. Rc3 Rbb8 44. Rc1 Rxc3 45. Qxc3 Ba3 46. Qc6 Qf5 47. Re1 d4 48. Nb6
Bb4 49. g4 Qd3 50. Bxb4 axb4 {[#]} 51. Nd7 (51. Nd5 $1 Qd2 52. Rf1 d3 53. Qc7
Rf8 54. Ne7+ Kh7 55. Qc6 $18 {with a winning attack.}) 51... Rd8 $1 52. Nxe5 (
52. Nf6+ $5 Kg7 53. Ne4 {keeps more attacking uinits around Black's K.} Qxf3 $2
54. Rf1 $18) 52... Nxe5 53. Rxe5 Rf8 $1 {Diagram [#]At this point all the
other games had been decided, and England led 2-1, so Eric needed to win the
game to draw the match.} 54. Kf2 (54. Qd5+ Kh8 55. Re6 Qd1+ 56. Kf2 Qd2+ 57.
Re2 Qf4 58. Kg2 Rf7 {and how does White make progress?}) 54... Rf7 55. Qe4 Qd2+
56. Qe2 {[#]} Qf4 (56... Qxe2+ 57. Kxe2 (57. Rxe2 Rd7 58. Rd2 Kf7 {and how
does White make any progress?}) 57... Ra7 58. Kd3 Rxa2 59. Kxd4 Rc2 $14) 57.
Re8+ $138 (57. Kg2 $142 {threatens Re4 and if ...Qd6 then Re6 wins the h-pawn.}
Rd7 58. Rxg5+ $1 hxg5 59. Qe8+ Kh7 60. Qxd7+ {again, White is clearly better,
but Black's b4 and g5 pawns are both blocking two White pawns.}) 57... Kg7 58.
Qe5+ $6 Qxe5 59. Rxe5 Ra7 60. Rb5 (60. Re2 Kf6 61. Rd2 (61. Rc2 Ke5 62. Ke2 Kf4
$11) 61... Ke5 $11) 60... Rxa2+ 61. Kg3 Rb2 62. Rxb4 d3 63. Rb5 Kf6 64. h4 Rb1
65. Rd5 {Frustratingly good defence from the English old-timer.} 1/2-1/2

[Event "42nd Olympiad"]
[Site "Baku"]
[Date "2016.09.05"]
[Round "4.17"]
[White "Bareev, Evgeny"]
[Black "Ali, Muhammad Lutfi"]
[Result "1-0"]
[WhiteElo "2675"]
[BlackElo "2411"]
[Annotator "Evgeny Bareev"]
[PlyCount "87"]
[EventDate "2016.09.02"]
[EventType "team-swiss"]
[EventRounds "11"]
[EventCountry "AZE"]
[SourceTitle "Chess Canada 2016Olympia"]
[Source "CFC"]
[SourceDate "2016.12.01"]
[WhiteTeam "Canada"]
[BlackTeam "Indonesia"]
[WhiteTeamCountry "CAN"]
[BlackTeamCountry "INA"]

{Before the game the captain of our team admonished us about the importance of
winning every game in this match. An advantage in individual points should
have given us easier parings in the last rounds.} 1. d4 d6 2. Nf3 {Cowardly
nevertheless; in my prime, I played 2.e4.} g6 3. Bf4 Nf6 4. e3 Bg7 5. h3 O-O 6.
Be2 c5 {Diagram [#]} 7. Na3 {White should have played:} (7. O-O {I was
intimidated by} Qb6 {but after} 8. Na3 Qxb2 $6 (8... Be6 $1 9. c4 $11) 9. Nc4
Qc3 $2 10. Rb1 $18 {the Queen is trapped.}) 7... b6 8. O-O Bb7 9. Bh2 Nbd7 10.
Rc1 a6 (10... Rc8 11. c4 Ne4 {emphisizes the clumsy position of the knight on
a3.}) 11. c4 Rc8 12. d5 b5 {Diagram [#]Critical Position} 13. Nd2 $6 {Too
optimistic. The reason for it was that there was now only 30 minutes on the
clock of my contemplative opponent.} (13. Qc2 Re8 14. e4 b4 15. Nb1 e5 16. Ne1
a5 17. Nd2 Bh6 $11 {was correct.}) 13... Nxd5 $1 $17 {At this moment I noticed
our captain turn pale. His plan did not seem to be working properly. Black
could force a draw after:} (13... Qa5 14. e4 (14. Nb3 Qa4 15. Nd2 Qxd1 (15...
Qa5 $11) 16. Rfxd1 Nb6 $11) (14. Qc2 b4 15. Nb3 Qc7 16. Nb1 $15) 14... b4 15.
Nc2 Qxa2 16. Ra1 (16. b3 Qa5 $15) 16... Qxb2 17. Rb1 $11) 14. cxd5 Bxb2 15.
Nab1 Bxc1 16. Qxc1 Bxd5 17. Nc3 {Diagram [#]} Be6 {Black has a material
advantage and 3 connected passed pawns. White has only his belief in the
endless resources of the game.} (17... Bc6 18. e4 c4 (18... e5 19. f4 c4 $15)
19. Bf4 Nc5 20. Bh6 Re8 $15) 18. e4 Nb6 {Wrong plan. Instead, the primitive
and straightforward:} (18... c4 19. Nf3 (19. a3 f6 20. Nf3 Nc5 21. Nd4 Bd7 22.
Rd1 $17) 19... b4 20. Nd5 Bxd5 21. exd5 Qa5 {left White with few chances to
survive.}) 19. Bf3 c4 (19... b4 20. Nd5 Bxd5 21. exd5 c4 22. Bf4 a5 23. Re1 a4
24. Bh6 Re8 25. Qd1 $44) 20. Bf4 {Diagram [#]} d5 $2 {It was not too late to
change the plan and consider pushing his queenside pawns:} (20... b4 21. Nd5 a5
22. Bh6 Re8 23. Re1 c3 24. Nb3 Nc4 25. Nd4 Ne5 26. Be2 Bxd5 27. exd5 Rc5 $17)
21. exd5 {I could breath freely now. White has full compensation due to his
minor piece activity and threats on the king side.} Nxd5 22. Bh6 {Diagram [#]}
Nxc3 $2 {Luring my Queen to the long diagonal was not the best idea. A bit
strange, but rather balanced position would arise after:} (22... Nb4 23. Nxb5 (
23. Bxf8 $11) 23... Nxa2 24. Qe1 Qb6 25. Nc3 Nxc3 26. Qe5 f6 27. Qxc3 Rfd8 $11
{I would prefer Black here.}) 23. Qxc3 f6 24. Ne4 (24. Bxf8 Kxf8 25. Ne4 Bf5
26. Re1 $14) 24... Bf5 25. Qe3 {Diagram [#]} Qd3 $1 (25... Re8 26. Rd1 Qc7 27.
Bf4 Qa5 28. Ng3 Bd3 (28... e5 29. Bg5 $3 $14) 29. Qe6+ Kg7 30. Bd5 $16) 26. Qa7
Qd7 $1 (26... Bxe4 27. Rd1 Qa3 28. Bxf8 Ra8 29. Qd7 Rxf8 30. Bxe4 $16) 27. Qxa6
Rfd8 {White could still have kept some initiative after:} (27... Bxe4 $5 28.
Bxe4 Rfd8 29. Re1 c3 30. Bc2 $14) 28. Nc3 {Diagram [#]} b4 $2 {A natural move,
but wrong. The less natural} (28... Kf7 $1 29. g4 (29. Nxb5 c3 $132) 29... Bd3
30. Re1 g5 31. h4 {would have made our pulses race.}) 29. Nd5 b3 30. axb3 cxb3
31. Qa3 Kf7 32. Nb6 Qb5 33. Nxc8 Rxc8 34. Re1 {Diagram [#]} Be6 {More
tenacious was:} (34... Re8 $1 35. Bd1 (35. Be2 Bd3 36. Bxd3 Qxd3 37. Bc1 e5 38.
Re3 Qd1+ 39. Kh2 $18) 35... Be6 36. Rxe6 $1 b2 37. Rxf6+ $1 Kxf6 38. Qf3+ $8
Ke6 39. Bb3+ $8 Kd6 40. Qd1+ Kc6 (40... Ke5 $4 41. Bg7+ {#1}) 41. Qc2+ Kb7 42.
Qxb2 $18) 35. Bg4 $18 f5 36. Qb2 fxg4 37. Qg7+ Ke8 38. Rxe6 Qc5 39. Be3 Qb4 40.
Rb6 Qe1+ 41. Kh2 g3+ 42. Kxg3 Qc3 43. Qg8+ Kd7 44. Qe6+ {Black resigned, and
our 4-0 score became reality.} 1-0